000 01099nab a2200289 u 4500
001 09420
003 HDC
007 cr bn ---aaaaa
008 210201c2009 my dr|nes 0 a may d
040 _aHDC
245 0 _aAkta Halal Digubal Giatkan Industri Halal
260 _aKuala Lumpur :
_bUtusan Melayu (M) Bhd.,
_c2009
300 _a1 online resource
336 _atext
_2rdacontent
337 _acomputer
_2rdamedia
338 _aonline resource
_2rdacarrier
650 _aFood
_xReligious aspects
_xIslam.
_9239
650 _ahalal act
_9950
650 _aHalal industry
_zMalaysia
_9204
650 _aMuslims
_xDietary laws.
_9815
710 _aUtusan Malaysia
_eissung body
856 _zRequest full-text at [email protected]
856 _zRequest full-text at [email protected]
942 _2lcc
942 _cNEWS
942 _kNWSC 002478
999 _c6743
_d6743